000
00259 a2200097 4500
001
13004
100
_a
Anderson,S
245
_a
Winesburg Ohio: Authoritative Text Backgrounds and Contexts Criticism
260
_a
_b
W W Norton & Company
_c
090
_c
10008
_d
10008
942
_a
NUST-CAE
_c
M
_c
13
999
_c
248077
_d
248077